| 000 | 00887nam a22003251i 4500 | ||
|---|---|---|---|
| 001 | 56209 | ||
| 003 | DO-SdBPM | ||
| 005 | 20250707094520.0 | ||
| 007 | ta | ||
| 008 | 990501s1981 sp spa | ||
| 017 |
_a _b |
||
| 020 | _a 8427806833 | ||
| 035 | _a | ||
| 040 |
_aDO-SdBPM _bspa _cBPMSU _erda |
||
| 080 | 0 | _a | |
| 082 | 4 |
_a615.82 _bE56v 1981 _222 |
|
| 245 | 1 | 0 |
_aEnciclopedia de la vida natural / _c Brigitte André...[y otros] _h |
| 264 |
_aBarcelona : _bEdiciones Nauta, _c1981 |
||
| 300 |
_avolumenes : _bilustraciones, retrato. _c22 cm |
||
| 500 | _a | ||
| 504 | _a | ||
| 505 | 0 | _av. 2 : Curación naturista | |
| 650 | 7 |
_aVida _vEnciclopedias _2 |
|
| 650 | 7 |
_aTerapéutica fisiológica _v |
|
| 650 | 7 | _aAcupuntura. | |
| 650 | 7 | _aNaturismo. | |
| 700 | 1 |
_aAndré, Brigitte _eautor |
|
| 910 | _aVMateo V. Control de calidad. BPMSU | ||
| 942 |
_2ddc _cBK |
||
| 999 |
_c15253 _d15253 |
||